MARC details
| 000 -LEADER |
| campo de control de longitud fija |
03244cam a22004215i 4500 |
| 001 - NÚMERO DE CONTROL |
| campo de control |
18462067 |
| 005 - FECHA Y HORA DE LA ÚLTIMA TRANSACCIÓN |
| campo de control |
20220326193332.0 |
| 008 - DATOS DE LONGITUD FIJA--INFORMACIÓN GENERAL |
| campo de control de longitud fija |
140829s2014 pe 000 0 spa |
| 010 ## - NÚMERO DE CONTROL DE LA BIBLIOTECA DEL CONGRESO |
| Número de control de LC |
2014422971 |
| 020 ## - NÚMERO INTERNACIONAL ESTÁNDAR DEL LIBRO |
| Número Internacional Estándar del Libro |
9789972718397 |
| 020 ## - NÚMERO INTERNACIONAL ESTÁNDAR DEL LIBRO |
| Número Internacional Estándar del Libro |
9972718395 |
| 035 ## - NÚMERO DE CONTROL DEL SISTEMA |
| Número de control de sistema |
(CVcHKB)hkb20010103900 |
| 040 ## - FUENTE DE CATALOGACIÓN |
| Centro catalogador/agencia de origen |
DLC |
| Lengua de catalogación |
eng |
| Centro/agencia transcriptor |
DLC |
| Normas de descripción |
rda |
| 041 0# - CÓDIGO DE IDIOMA |
| Código de lengua del texto/banda sonora o título independiente |
spa |
| -- |
eng |
| 042 ## - CÓDIGO DE AUTENTICACIÓN |
| Código de autenticación |
pcc |
| 082 ## - NÚMERO DE LA CLASIFICACIÓN DECIMAL DEWEY |
| Número de clasificación |
708 |
| Número de ítem |
Z631c |
| 100 1# - ENTRADA PRINCIPAL--NOMBRE DE PERSONA |
| Nombre de persona |
Zevallos, Sergio, |
| Término indicativo de función/relación |
artist. |
| 9 (RLIN) |
3241 |
| 245 13 - MENCIÓN DEL TÍTULO |
| Título |
Un cuerpo ambulante : |
| Resto del título |
Sergio Zevallos en el Grupo Chaclacayo (1982-1994) = A wandering body : Sergio Zevallos in the Grupo Chaclacayo (1982-1994) / |
| Mención de responsabilidad, etc. |
[curaduría : Miguel A. López]. |
| 246 30 - FORMA VARIANTE DEL TITULO |
| Título propio/Titulo breve |
Sergio Zevallos en el Grupo Chaclacayo (1982-1994) |
| 246 31 - FORMA VARIANTE DEL TITULO |
| Título propio/Titulo breve |
Wandering body : |
| Resto del título |
Sergio Zevallos in the Grupo Chaclacayo (1982-1994) |
| 300 ## - DESCRIPCIÓN FÍSICA |
| Extensión |
158, (160) págs. : |
| Otras características físicas |
ill. (col.) ; |
| Dimensiones |
24 cm |
| 500 ## - NOTA GENERAL |
| Nota general |
"Museo de Arte de Lima-MALI, 16 de noviembre de 2013- 23 de marzo de 2014. Centro Cultural de España-Lima, 16 de noviembre de 2013-19 de enero de 2014.Wüttembergischer Kunstverein Stuttgart, Alemania, 18 de octubre de 2014-11 de enero de 2015" --Verso T.p. |
| 504 ## - NOTA DE BIBLIOGRAFÍA, ETC. |
| Nota de bibliografía, etc. |
Includes bibliographical references (pages 152-156). |
| 505 8# - NOTA DE CONTENIDO CON FORMATO |
| Nota de contenido con formato |
Exorcismos tóxicos: Sergio Zevallos en el Grupo Chaclacayo = Toxic exorcisms: Sergio Zevallos in the Grupo Chaclacayo -- La frialdad del éxtasis = Cold ecstacy / Fernanda Carvajal -- Hacer el amor con el cuerpo de la necro poltica: la prctica artstica del Grupo Chaclacayo en el límite de la soberanía = Making love to the necropolitical body: the artistic practice of the Grupo Chaclacayo in the limits of sovereignty / Beatriz Preciado -- Guerra, intimidad y deseo distante. Conversación sobre el Grupo Chaclacayo, antes y después = War, intimacy and distant desire. Conversation with Grupo Chaclacayo, before and after -- Documentos (artículos y prensa) = Documents (articles and press clippings). |
| 520 ## - RESUMEN, ETC. |
| Sumario, etc. |
Exhibition catalogue comprising a large set of drawings, collages, musical scores, photographs and videos, many of them unpublished. The exhibition follows the work of Sergio Zevallos (b. Lima, 1962) produced as part of his experience in Grupo Chaclacayo, along with German artist Helmut Psotta and Peruvian artist Raúl Avellaneda. This artistic collective was pioneer in Peruvian art performance and one of the most active during the 1980's in the country, developing a visceral and provocative work that responded to the crimes and violence of the armed conflict, but also socially ingrained sexual and racial discrimination. |
| 546 ## - NOTA DE IDIOMA |
| Nota de lengua/lenguaje |
In Spanish and English. |
| 600 10 - PUNTO DE ACCESO ADICIONAL DE MATERIA--NOMBRE DE PERSONA |
| Nombre de persona |
Zevallos, Sergio |
| Subdivisión de forma |
Exhibitions. |
| 9 (RLIN) |
3242 |
| 600 10 - PUNTO DE ACCESO ADICIONAL DE MATERIA--NOMBRE DE PERSONA |
| Nombre de persona |
Zevallos, Sergio |
| Subdivisión de forma |
Exhibiciones |
| 9 (RLIN) |
3243 |
| 610 20 - PUNTO DE ACCESO ADICIONAL DE MATERIA--NOMBRE DE ENTIDAD CORPORATIVA |
| Nombre de entidad corporativa o nombre de jurisdicción como elemento de entrada |
Grupo Chaclacayo |
| Subdivisión de forma |
Exhibitions. |
| 9 (RLIN) |
3244 |
| 650 #0 - PUNTO DE ACCESO ADICIONAL DE MATERIA--TÉRMINO DE MATERIA |
| Término de materia o nombre geográfico como elemento de entrada |
Performance art |
| Subdivisión de forma |
Exhibitions. |
| Subdivisión geográfica |
Perú |
| 9 (RLIN) |
3245 |
| 650 #0 - PUNTO DE ACCESO ADICIONAL DE MATERIA--TÉRMINO DE MATERIA |
| Término de materia o nombre geográfico como elemento de entrada |
Art, Modern |
| Subdivisión cronológica |
21st century |
| Subdivisión de forma |
Exhibitions. |
| 9 (RLIN) |
442 |
| 650 #0 - PUNTO DE ACCESO ADICIONAL DE MATERIA--TÉRMINO DE MATERIA |
| Término de materia o nombre geográfico como elemento de entrada |
Grupo Chaclacayo |
| Subdivisión de forma |
Exhibiciones |
| Subdivisión geográfica |
Perú |
| 9 (RLIN) |
3246 |
| 650 #0 - PUNTO DE ACCESO ADICIONAL DE MATERIA--TÉRMINO DE MATERIA |
| Término de materia o nombre geográfico como elemento de entrada |
Performance (Arte) |
| Subdivisión de forma |
Exhibiciones |
| Subdivisión geográfica |
Perú |
| 9 (RLIN) |
3247 |
| 700 1# - ENTRADA AGREGADA--NOMBRE PERSONAL |
| Nombre de persona |
López, Miguel Ángel, |
| Término indicativo de función/relación |
editor of compilation, |
| -- |
curador. |
| 9 (RLIN) |
3248 |
| 710 2# - ENTRADA AGREGADA--NOMBRE DE ENTIDAD CORPORATIVA |
| Nombre de entidad corporativa o nombre de jurisdicción como elemento de entrada |
Museo de Arte de Lima, |
| Término indicativo de función/relación |
host institution. |
| 9 (RLIN) |
3249 |
| 906 ## - ELEMENTOS DE DATOS F LOCAL, LDF (RLIN) |
| a |
0 |
| b |
ibc |
| c |
origres |
| d |
3 |
| e |
ncip |
| f |
20 |
| g |
y-gencatlg |